000 00445nam a2200181Ia 4500
008 100917s9999 xx 000 0 und d
082 _b8679
100 _aगोगटे शकुंतला
245 _aअद्वैत
260 _b---
300 _a112
365 _b4
520 _aकादंबरी
630 _aअद्वैत
650 _aकादंबरी
730 _aअद्वैत
942 _cBOOK
999 _c614073
_d614070